000
00296nam a2200121Ia 4500
008
190216s9999||||xx |||||||||||||| ||und||
100
_a
Nilakanta Iyer Na
245
0
_a
Internediate Practical Physics
260
_b
The Alliance Printing
_c
1952
300
_a
20p
650
_a
Physics
942
_c
BK
999
_c
32711
_d
32711